| 000 | 01304nam a2200361Ia 4500 | ||
|---|---|---|---|
| 001 | Z_6770 | ||
| 003 | CHAP | ||
| 005 | 20230426173637.0 | ||
| 008 | 220113s2015 xx 000 0 und d | ||
| 010 | _a170048 | ||
| 040 | _cCHAP | ||
| 090 | _aTesis A43 2444 | ||
| 100 |
_aAmaya Machado, Francisco Javier _9130557 |
||
| 245 |
_aEl trigo grano (Triticum vulgare) de Cajeme, Sonora y su huella hídrica / _cFrancisco Javier Amaya Machado |
||
| 260 |
_aMéxico : _bEl autor, _c2015 |
||
| 300 | _a45 p | ||
| 502 | _aTesis (Ingeniero Agrónomo Especialista en Zootecnia) -- UACh, 2015 \ Dirección: Raymundo Rangel Santos; asesoría: José Luis Zaragoza Ramírez y Carlos Felino Marcof Alvarez | ||
| 650 |
_aAgua avirtual _9145883 |
||
| 650 |
_aEficiencia del agua _9145884 |
||
| 650 |
_aHuella hídrica _9145885 |
||
| 650 |
_aProducción de trigo _9145886 |
||
| 650 |
_aProductividad del agua _9145229 |
||
| 650 |
_aTrigo _9114954 |
||
| 700 |
_a Marcof Alvarez, Carlos Felino, asesor _9145887 |
||
| 700 |
_a Zaragoza Ramírez, José Luis, asesor _9143249 |
||
| 700 |
_aRangel Santos, Raymundo, director _9139209 |
||
| 856 | 4 | 2 |
_uhttp://10.13.5.2/tesis/sist112329.pdf _yDescargar PDF |
| 901 | _aTESIS A43 2444 | ||
| 902 | _aM | ||
| 910 | _a2015 | ||
| 942 |
_c2 _2ddc |
||
| 942 |
_c2 _2ddc |
||
| 999 |
_c170048 _d170048 |
||